| 000 | 01066nam a2200265 i 4500 | ||
|---|---|---|---|
| 005 | 20260112063326.0 | ||
| 010 | _a2015-011428 | ||
| 020 | _a9780670088751 | ||
| 039 |
_a202504231508 _bstaff _c202111101653 _d staff _c201612021157 _d staff _c201607081503 _d staff _y 201607081457 _z staff |
||
| 082 |
_a330.954 _bBAS [ Shelf 3 ] |
||
| 100 | _aBasu, Kaushik. | ||
| 245 | 3 |
_aAn economist in the real world : _bthe art of policymaking in India / _cKaushik Basu. |
|
| 264 |
_aCambridge, Massachusetts ; _aLondon, England : _bMIT Press, _c[2015] |
||
| 300 |
_axv, 240 pages ; _c24 cm |
||
| 504 | _aIncludes bibliographical references (pages 209-228) and index. | ||
| 600 | _aBasu, Kaushik. | ||
| 650 |
_aEconomists _z India. |
||
| 650 |
_aEconomic development _z India. |
||
| 651 |
_aIndia _x Economic policy _y 1991- |
||
| 651 |
_aIndia _x Officials and employees. |
||
| 651 |
_aIndia _x Politics and government _y 1977- |
||
| 991 | _aVIRTUA40 | ||
| 991 | _aVTLSSORT0080*0100*0200*0820*1000*2450*2640*3000*5040*6000*6500*6501*6510*6511*6512*9992 | ||
| 909 | _a5589 | ||
| 999 |
_c5045 _d5045 |
||